000 00264nam a2200121Ia 4500
008 231106s2015 xx 000 0 und d
041 _aeng
082 _a751.42
100 _aARNOLD LOWREY
245 _aBRUEGEL
260 _bSEARCH PRESS
_c2015
300 _aP-376
999 _c920124
_d920124